000 00208 a2200097 4500
001 25402
100 _aMcIntosh
245 _aStatistics for the Teacher
260 _a
_bPergamon
_c1967
090 _c17146
_d17146
942 _aNUST-CAE
_cM
_c7943
999 _c260475
_d260475